[Event "HSG Open 2017"]
[Site "Hilversum"]
[Date "2017.06.24"]
[Round "4.5"]
[White "Ratsma, Rosa"]
[Black "Van Meegen, Ruud"]
[Result "1-0"]
[BlackElo "2241"]
[WhiteElo "2137"]
[LiveChessVersion "1.4.8"]

1. e4 {[%clk 1:50:17]} e5 {[%clk 1:50:15]} 2. Nf3 {[%clk 1:50:19]} Nc6
{[%clk 1:50:19]} 3. Bb5 {[%clk 1:50:17]} a6 {[%clk 1:50:21]} 4. Ba4
{[%clk 1:50:21]} Nf6 {[%clk 1:50:22]} 5. O-O {[%clk 1:50:16]} Be7
{[%clk 1:50:21]} 6. d3 {[%clk 1:50:09]} b5 {[%clk 1:49:58]} 7. Bb3
{[%clk 1:50:14]} d6 {[%clk 1:49:18]} 8. a3 {[%clk 1:50:08]} O-O {[%clk 1:49:14]}
9. Nc3 {[%clk 1:49:55]} Na5 {[%clk 1:44:44]} 10. Ba2 {[%clk 1:49:59]} c5
{[%clk 1:44:47]} 11. h3 {[%clk 1:46:29]} Rb8 {[%clk 1:43:30]} 12. Nd5
{[%clk 1:41:21]} Nxd5 {[%clk 1:42:43]} 13. Bxd5 {[%clk 1:40:54]} Be6
{[%clk 1:38:48]} 14. b4 {[%clk 1:31:12]} Nb7 {[%clk 1:33:22]} 15. Bxe6
{[%clk 1:12:00]} fxe6 {[%clk 1:33:13]} 16. c3 {[%clk 1:10:50]} a5
{[%clk 1:20:11]} 17. Be3 {[%clk 1:01:48]} Qc7 {[%clk 1:13:22]} 18. a4
{[%clk 0:47:46]} axb4 {[%clk 0:42:30]} 19. cxb4 {[%clk 0:45:46]} d5
{[%clk 0:42:27]} 20. axb5 {[%clk 0:38:30]} d4 {[%clk 0:40:02]} 21. Bd2
{[%clk 0:34:06]} cxb4 {[%clk 0:38:56]} 22. Qb3 {[%clk 0:28:20]} Nd8
{[%clk 0:19:56]} 23. Rfc1 {[%clk 0:22:55]} Qb6 {[%clk 0:17:53]} 24. Nxe5
{[%clk 0:14:47]} Qxb5 {[%clk 0:17:57]} 25. Nf3 {[%clk 0:14:20]} Bc5
{[%clk 0:12:23]} 26. Qc4 {[%clk 0:10:43]} b3 {[%clk 0:11:26]} 27. Rab1
{[%clk 0:04:45]} Ba3 {[%clk 0:02:54]} 28. Nxd4 {[%clk 0:04:46]} Qe5
{[%clk 0:02:59]} 29. Rf1 {[%clk 0:04:27]} b2 {[%clk 0:02:37]} 30. Ne2
{[%clk 0:02:49]} Qh5 {[%clk 0:01:33]} 31. Ng3 {[%clk 0:02:01]} Qf7
{[%clk 0:01:18]} 32. Bc3 {[%clk 0:01:38]} Bd6 {[%clk 0:01:21]} 33. e5
{[%clk 0:01:39]} Ba3 {[%clk 0:01:24]} 34. Ne4 {[%clk 0:01:35]} Qd7
{[%clk 0:01:25]} 35. Nd6 {[%clk 0:00:49]} Nc6 {[%clk 0:01:08]} 36. Nb5
{[%clk 0:00:37]} Nxe5 {[%clk 0:01:07]} 37. Bxe5 {[%clk 0:00:38]} Rxb5
{[%clk 0:01:14]} 38. Bxg7 {[%clk 0:00:39]} Rc8 {[%clk 0:01:07]} 39. Qg4
{[%clk 0:00:35]} Rb4 {[%clk 0:00:57]} 40. d4 {[%clk 0:00:31]} Kf7
{[%clk 0:00:35]} 41. Be5 {[%clk 0:00:35]} Rc1 {[%clk 0:00:35]} 42. Qf3+
{[%clk 0:00:35]} 1-0

[Event "HSG Open 2017"]
[Site "Hilversum"]
[Date "2017.06.24"]
[Round "4.6"]
[White "Becx, Cesar"]
[Black "Nagtegaal, Kees"]
[Result "1-0"]
[BlackElo "2286"]
[WhiteElo "2078"]
[LiveChessVersion "1.4.8"]

1. f4 c5 {[%clk 1:49:44]} 2. Nf3 {[%clk 1:50:23]} Nc6 {[%clk 1:49:47]} 3. d3
{[%clk 1:50:08]} g6 {[%clk 1:48:49]} 4. g3 {[%clk 1:50:13]} Bg7 {[%clk 1:48:55]}
5. Bg2 {[%clk 1:50:16]} d6 {[%clk 1:47:40]} 6. O-O {[%clk 1:50:20]} Nf6
{[%clk 1:44:19]} 7. e4 {[%clk 1:50:08]} O-O {[%clk 1:44:18]} 8. Nc3
{[%clk 1:49:55]} Rb8 {[%clk 1:43:47]} 9. h3 {[%clk 1:49:01]} Bd7 {[%clk 1:41:36]}
10. g4 {[%clk 1:48:01]} b5 {[%clk 1:39:33]} 11. a3 {[%clk 1:44:31]} a5
{[%clk 1:36:02]} 12. a4 {[%clk 1:44:02]} bxa4 {[%clk 1:24:28]} 13. Nxa4
{[%clk 1:42:56]} Ne8 {[%clk 1:23:35]} 14. c3 {[%clk 1:35:17]} f5 {[%clk 1:13:37]}
15. gxf5 {[%clk 1:29:20]} gxf5 {[%clk 1:13:39]} 16. e5 {[%clk 1:20:36]} Nc7
{[%clk 1:10:51]} 17. Re1 {[%clk 1:07:34]} Ne6 {[%clk 0:55:56]} 18. d4
{[%clk 0:51:26]} cxd4 {[%clk 0:55:22]} 19. cxd4 {[%clk 0:46:01]} Nb4
{[%clk 0:50:51]} 20. Nc3 {[%clk 0:43:57]} Kh8 {[%clk 0:45:41]} 21. Be3
{[%clk 0:36:44]} d5 {[%clk 0:37:03]} 22. Nh4 {[%clk 0:33:14]} Be8
{[%clk 0:35:23]} 23. Bf3 {[%clk 0:30:21]} Bh6 {[%clk 0:30:50]} 24. Qd2
{[%clk 0:27:09]} Ng7 {[%clk 0:27:04]} 25. Ng2 {[%clk 0:21:59]} Bh5
{[%clk 0:25:34]} 26. Bxh5 {[%clk 0:18:21]} Nxh5 {[%clk 0:25:39]} 27. Kh2
{[%clk 0:17:10]} Ng7 {[%clk 0:23:31]} 28. Rg1 {[%clk 0:16:09]} Nc6
{[%clk 0:21:51]} 29. Ne1 {[%clk 0:13:15]} Ne6 {[%clk 0:18:11]} 30. Nf3
{[%clk 0:08:33]} Rb4 {[%clk 0:17:45]} 31. Ne2 {[%clk 0:06:56]} Qb6
{[%clk 0:16:22]} 32. Ra2 {[%clk 0:06:28]} Rc4 {[%clk 0:14:48]} 33. Ng5
{[%clk 0:03:42]} Bxg5 {[%clk 0:14:16]} 34. fxg5 {[%clk 0:03:38]} Nb4
{[%clk 0:13:54]} 35. b3 {[%clk 0:03:29]} Rc7 {[%clk 0:10:24]} 36. Rb2
{[%clk 0:03:08]} Qa6 {[%clk 0:08:35]} 37. g6 {[%clk 0:03:00]} Qd3
{[%clk 0:07:03]} 38. Nf4 {[%clk 0:03:08]} Qxd2+ {[%clk 0:06:18]} 39. Bxd2
{[%clk 0:02:54]} Ng7 {[%clk 0:06:07]} 40. Bxb4 {[%clk 0:03:00]} axb4
{[%clk 0:06:13]} 41. Nxd5 {[%clk 0:02:59]} Rd7 {[%clk 0:05:52]} 42. Nxb4
{[%clk 0:02:50]} Rxd4 {[%clk 0:05:14]} 43. Nc6 {[%clk 0:02:58]} Re4
{[%clk 0:04:16]} 44. gxh7 {[%clk 0:02:18]} e6 {[%clk 0:03:16]} 45. Rbg2
{[%clk 0:01:21]} Rf7 {[%clk 0:03:19]} 46. b4 {[%clk 0:01:28]} Kxh7
{[%clk 0:03:17]} 47. b5 {[%clk 0:01:26]} f4 {[%clk 0:02:10]} 48. b6
{[%clk 0:00:41]} Nf5 {[%clk 0:02:14]} 49. Nd8 {[%clk 0:00:43]} Rd7
{[%clk 0:02:15]} 50. Nxe6 {[%clk 0:00:49]} Rb7 {[%clk 0:02:11]} 51. Ng5+
{[%clk 0:00:45]} 1-0

[Event "HSG Open 2017"]
[Site "Hilversum"]
[Date "2017.06.24"]
[Round "4.7"]
[White "Jacobs, Florian"]
[Black "Damen, Jip"]
[Result "1-0"]
[BlackElo "1921"]
[WhiteElo "2270"]
[LiveChessVersion "1.4.8"]

1. d4 {[%clk 1:50:17]} Nf6 {[%clk 1:50:17]} 2. c4 {[%clk 1:50:20]} g6
{[%clk 1:50:25]} 3. Nc3 {[%clk 1:50:23]} Bg7 {[%clk 1:50:31]} 4. e4
{[%clk 1:50:27]} O-O {[%clk 1:50:37]} 5. Nf3 {[%clk 1:50:31]} d6 {[%clk 1:50:42]}
6. Be2 {[%clk 1:50:35]} e5 {[%clk 1:50:43]} 7. O-O {[%clk 1:50:36]} Nc6
{[%clk 1:50:51]} 8. d5 {[%clk 1:50:40]} Ne7 {[%clk 1:50:57]} 9. Bg5
{[%clk 1:50:44]} Nd7 {[%clk 1:48:36]} 10. Nd2 {[%clk 1:46:21]} f6
{[%clk 1:44:56]} 11. Be3 {[%clk 1:44:04]} f5 {[%clk 1:44:49]} 12. f3
{[%clk 1:44:08]} f4 {[%clk 1:44:42]} 13. Bf2 {[%clk 1:44:11]} g5 {[%clk 1:44:25]}
14. b4 {[%clk 1:44:13]} b6 {[%clk 1:39:03]} 15. a4 {[%clk 1:41:32]} Rf7
{[%clk 1:35:27]} 16. a5 {[%clk 1:41:19]} Rb8 {[%clk 1:14:01]} 17. axb6
{[%clk 1:41:01]} axb6 {[%clk 1:13:48]} 18. Nb5 {[%clk 1:38:40]} Nf6
{[%clk 1:13:02]} 19. c5 {[%clk 1:33:22]} h5 {[%clk 0:53:41]} 20. cxd6
{[%clk 1:33:04]} cxd6 {[%clk 0:53:44]} 21. Nc4 {[%clk 1:29:10]} Ne8
{[%clk 0:52:59]} 22. Na7 {[%clk 1:29:09]} Bf8 {[%clk 0:45:42]} 23. Nc6
{[%clk 1:04:58]} Nxc6 {[%clk 0:45:27]} 24. dxc6 {[%clk 1:05:02]} Rg7
{[%clk 0:36:08]} 25. Nxe5 {[%clk 1:03:07]} Qe7 {[%clk 0:22:13]} 26. Bc4+
{[%clk 0:54:41]} Kh7 {[%clk 0:21:39]} 27. Nd7 {[%clk 0:54:10]} Bxd7
{[%clk 0:15:40]} 28. Ra7 {[%clk 0:50:42]} Qd8 {[%clk 0:13:40]} 29. cxd7
{[%clk 0:50:30]} Rxd7 {[%clk 0:13:43]} 30. Rxd7+ {[%clk 0:50:31]} Qxd7
{[%clk 0:13:50]} 31. Qd5 {[%clk 0:50:09]} Nf6 {[%clk 0:13:12]} 32. Qxg5
{[%clk 0:49:48]} 1-0

[Event "HSG Open 2017"]
[Site "Hilversum"]
[Date "2017.06.24"]
[Round "4.8"]
[White "Bekedam, Tyro"]
[Black "Overeem, Marc"]
[Result "0-1"]
[BlackElo "2212"]
[WhiteElo "2053"]
[LiveChessVersion "1.4.8"]

1. e4 {[%clk 1:50:14]} c5 {[%clk 1:50:04]} 2. Nf3 {[%clk 1:50:18]} Nc6
{[%clk 1:50:05]} 3. d4 {[%clk 1:50:24]} cxd4 {[%clk 1:50:02]} 4. Nxd4
{[%clk 1:50:27]} g6 {[%clk 1:50:03]} 5. Nc3 {[%clk 1:50:22]} Bg7 {[%clk 1:49:54]}
6. Be3 {[%clk 1:50:18]} Nf6 {[%clk 1:49:47]} 7. Bc4 {[%clk 1:50:11]} Qa5
{[%clk 1:49:02]} 8. Qd2 {[%clk 1:40:57]} Qb4 {[%clk 1:25:59]} 9. Bb3
{[%clk 1:27:42]} Nxe4 {[%clk 1:22:30]} 10. Nxe4 {[%clk 1:24:21]} Qxd2+
{[%clk 1:21:55]} 11. Kxd2 {[%clk 1:23:01]} Bxd4 {[%clk 1:14:32]} 12. Bxd4
{[%clk 1:20:38]} Nxd4 {[%clk 1:14:35]} 13. Rhe1 {[%clk 1:19:48]} O-O
{[%clk 1:09:28]} 14. Re3 {[%clk 1:08:56]} d6 {[%clk 1:02:20]} 15. Nc3
{[%clk 1:04:01]} e6 {[%clk 1:00:03]} 16. Rd3 {[%clk 1:02:56]} Nxb3+
{[%clk 0:59:39]} 17. axb3 {[%clk 1:03:00]} d5 {[%clk 0:58:47]} 18. Nb5
{[%clk 0:52:47]} a6 {[%clk 0:57:12]} 19. Nc7 {[%clk 0:41:53]} Rb8
{[%clk 0:57:11]} 20. c4 {[%clk 0:41:52]} dxc4 {[%clk 0:56:15]} 21. bxc4
{[%clk 0:36:05]} e5 {[%clk 0:56:11]} 22. Kc3 {[%clk 0:33:50]} Bf5
{[%clk 0:55:06]} 23. Rd6 {[%clk 0:33:38]} Rfc8 {[%clk 0:48:32]} 24. Nd5
{[%clk 0:32:08]} Kf8 {[%clk 0:47:51]} 25. Rd1 {[%clk 0:31:15]} Rd8
{[%clk 0:43:48]} 26. Nb6 {[%clk 0:27:44]} Rxd6 {[%clk 0:40:36]} 27. Rxd6
{[%clk 0:27:42]} Ke7 {[%clk 0:39:57]} 28. c5 {[%clk 0:26:45]} Be6
{[%clk 0:38:57]} 29. Nc4 {[%clk 0:20:59]} Bxc4 {[%clk 0:29:08]} 30. Kxc4
{[%clk 0:21:04]} f5 {[%clk 0:27:20]} 31. Kd5 {[%clk 0:20:07]} e4 {[%clk 0:27:20]}
32. Re6+ {[%clk 0:19:00]} Kd7 {[%clk 0:26:28]} 33. Rd6+ {[%clk 0:11:30]} Kc7
{[%clk 0:25:42]} 34. g3 {[%clk 0:10:31]} Re8 {[%clk 0:22:38]} 35. Rf6
{[%clk 0:09:05]} Rd8+ {[%clk 0:21:30]} 36. Rd6 {[%clk 0:08:58]} Rxd6+
{[%clk 0:19:55]} 37. cxd6+ {[%clk 0:09:03]} Kd7 {[%clk 0:19:59]} 38. Ke5
{[%clk 0:08:26]} a5 {[%clk 0:19:34]} 39. Kd5 {[%clk 0:06:23]} b6 {[%clk 0:15:05]}
40. Ke5 {[%clk 0:04:28]} a4 {[%clk 0:14:03]} 41. Kd5 {[%clk 0:04:17]} g5
{[%clk 0:13:11]} 42. h3 {[%clk 0:02:38]} b5 {[%clk 0:12:00]} 43. Kc5
{[%clk 0:02:21]} f4 {[%clk 0:11:58]} 44. Kd4 {[%clk 0:00:58]} e3 {[%clk 0:11:18]}
45. fxe3 {[%clk 0:00:41]} fxg3 {[%clk 0:11:18]} 0-1

[Event "HSG Open 2017"]
[Site "Hilversum"]
[Date "2017.06.24"]
[Round "4.9"]
[White "Kokje, Joris"]
[Black "Paans, Johnny"]
[Result "1-0"]
[BlackElo "1877"]
[WhiteElo "2137"]
[LiveChessVersion "1.4.8"]

1. d4 {[%clk 1:50:14]} Nf6 {[%clk 1:50:13]} 2. c4 {[%clk 1:50:19]} g6
{[%clk 1:50:20]} 3. f3 {[%clk 1:50:26]} e5 {[%clk 1:50:24]} 4. dxe5
{[%clk 1:50:03]} Nh5 {[%clk 1:50:29]} 5. Nh3 {[%clk 1:49:19]} Nc6
{[%clk 1:47:09]} 6. Bg5 {[%clk 1:49:05]} Be7 {[%clk 1:47:14]} 7. Bxe7
{[%clk 1:49:10]} Qxe7 {[%clk 1:47:21]} 8. Nc3 {[%clk 1:49:15]} Qxe5
{[%clk 1:40:12]} 9. Qd2 {[%clk 1:49:14]} O-O {[%clk 1:30:18]} 10. O-O-O
{[%clk 1:49:12]} d6 {[%clk 1:30:00]} 11. g4 {[%clk 1:49:17]} Ng7 {[%clk 1:30:07]}
12. Nd5 {[%clk 1:46:30]} Ne6 {[%clk 1:24:30]} 13. e3 {[%clk 1:37:18]} f5
{[%clk 1:01:22]} 14. g5 {[%clk 1:24:32]} Qg7 {[%clk 0:55:11]} 15. Be2
{[%clk 1:05:20]} Ne7 {[%clk 0:48:52]} 16. Kb1 {[%clk 0:59:25]} Nxd5
{[%clk 0:40:35]} 17. cxd5 {[%clk 0:59:09]} Nc5 {[%clk 0:39:13]} 18. Nf4
{[%clk 0:57:32]} Qe5 {[%clk 0:28:25]} 19. h4 {[%clk 0:54:00]} Re8
{[%clk 0:26:29]} 20. h5 {[%clk 0:53:38]} Qxe3 {[%clk 0:20:39]} 21. Qxe3
{[%clk 0:51:37]} Rxe3 {[%clk 0:20:29]} 22. hxg6 {[%clk 0:51:42]} hxg6
{[%clk 0:20:12]} 23. Rh6 {[%clk 0:51:40]} Re7 {[%clk 0:17:22]} 24. Rdh1
{[%clk 0:51:32]} Rg7 {[%clk 0:17:00]} 25. Rh8+ {[%clk 0:47:01]} Kf7
{[%clk 0:17:03]} 26. Rd8 {[%clk 0:46:52]} Na4 {[%clk 0:07:40]} 27. Rhh8
{[%clk 0:46:26]} Nb6 {[%clk 0:07:10]} 28. Rdf8+ {[%clk 0:46:28]} Ke7
{[%clk 0:07:06]} 29. Re8+ {[%clk 0:46:16]} Kf7 {[%clk 0:04:56]} 30. Rhf8# 1-0

[Event "HSG Open 2017"]
[Site "Hilversum"]
[Date "2017.06.24"]
[Round "4.10"]
[White "Mitran, Anthony Cristian"]
[Black "Galje, Hans"]
[Result "1/2-1/2"]
[BlackElo "2102"]
[WhiteElo "2052"]
[LiveChessVersion "1.4.8"]

1. d4 {[%clk 1:50:07]} Nf6 {[%clk 1:50:13]} 2. c4 {[%clk 1:50:04]} e6
{[%clk 1:50:15]} 3. Nf3 {[%clk 1:50:11]} c5 {[%clk 1:50:16]} 4. d5
{[%clk 1:50:17]} d6 {[%clk 1:50:19]} 5. Nc3 {[%clk 1:48:59]} exd5
{[%clk 1:50:23]} 6. cxd5 {[%clk 1:49:06]} g6 {[%clk 1:50:24]} 7. g3
{[%clk 1:49:10]} Bg7 {[%clk 1:50:27]} 8. Bg2 {[%clk 1:49:16]} O-O
{[%clk 1:50:30]} 9. O-O {[%clk 1:49:24]} Re8 {[%clk 1:50:33]} 10. Bf4
{[%clk 1:48:05]} Na6 {[%clk 1:44:54]} 11. Re1 {[%clk 1:46:02]} Bg4
{[%clk 1:43:23]} 12. h3 {[%clk 1:44:29]} Bxf3 {[%clk 1:43:22]} 13. Bxf3
{[%clk 1:40:30]} Nc7 {[%clk 1:43:14]} 14. a4 {[%clk 1:38:33]} a6 {[%clk 1:38:41]}
15. e4 {[%clk 1:29:04]} Rb8 {[%clk 1:33:44]} 16. e5 {[%clk 1:21:09]} dxe5
{[%clk 1:30:22]} 17. Bxe5 {[%clk 1:12:31]} Nd7 {[%clk 1:28:50]} 18. Bxg7
{[%clk 1:11:04]} Kxg7 {[%clk 1:28:15]} 19. Rxe8 {[%clk 1:04:59]} Nxe8
{[%clk 1:28:04]} 20. Qe2 {[%clk 1:03:32]} Nd6 {[%clk 1:23:56]} 21. Kg2
{[%clk 0:59:30]} Qf6 {[%clk 1:11:21]} 22. Re1 {[%clk 0:46:31]} Re8
{[%clk 1:08:45]} 23. Qd1 {[%clk 0:44:51]} Rxe1 {[%clk 1:06:47]} 24. Qxe1
{[%clk 0:44:59]} Ne5 {[%clk 1:04:13]} 25. Be2 {[%clk 0:39:02]} g5
{[%clk 1:00:23]} 26. Qd2 {[%clk 0:38:23]} h6 {[%clk 0:56:20]} 27. Qe3
{[%clk 0:37:53]} c4 {[%clk 0:54:01]} 28. Ne4 {[%clk 0:33:58]} Nxe4
{[%clk 0:53:08]} 29. Qxe4 {[%clk 0:34:06]} b5 {[%clk 0:52:58]} 30. axb5
{[%clk 0:33:45]} axb5 {[%clk 0:53:06]} 31. Qd4 {[%clk 0:32:08]} Nd7
{[%clk 0:45:45]} 32. Qd2 {[%clk 0:28:13]} Qd6 {[%clk 0:43:03]} 33. Bf3
{[%clk 0:26:31]} Ne5 {[%clk 0:38:27]} 34. Be4 {[%clk 0:24:16]} Nd3
{[%clk 0:33:05]} 35. Qc3+ {[%clk 0:23:55]} f6 {[%clk 0:31:28]} 36. Qa5
{[%clk 0:18:21]} Qc5 {[%clk 0:31:15]} 37. f3 {[%clk 0:14:54]} Qf2+
{[%clk 0:28:01]} 38. Kh1 {[%clk 0:15:03]} Qe1+ 39. Qxe1 Nxe1 40. g4
{[%clk 0:15:02]} Nd3 {[%clk 0:20:18]} 1/2-1/2

[Event "HSG Open 2017"]
[Site "Hilversum"]
[Date "2017.06.24"]
[Round "4.11"]
[White "Lindeman, Johan"]
[Black "De Boer, Bas"]
[Result "1/2-1/2"]
[BlackElo "2081"]
[WhiteElo "1985"]
[LiveChessVersion "1.4.8"]

1. e4 {[%clk 1:50:11]} c5 {[%clk 1:50:15]} 2. c3 {[%clk 1:50:16]} d5
{[%clk 1:49:48]} 3. exd5 {[%clk 1:50:19]} Qxd5 {[%clk 1:49:47]} 4. d4
{[%clk 1:50:22]} e6 {[%clk 1:48:50]} 5. Nf3 {[%clk 1:49:41]} Nc6 {[%clk 1:48:50]}
6. Be3 {[%clk 1:49:14]} cxd4 {[%clk 1:48:51]} 7. cxd4 {[%clk 1:48:43]} Nf6
{[%clk 1:47:53]} 8. Nc3 {[%clk 1:48:38]} Qd8 {[%clk 1:47:39]} 9. Bb5
{[%clk 1:46:17]} Bd7 {[%clk 1:40:18]} 10. O-O {[%clk 1:45:25]} a6
{[%clk 1:37:14]} 11. Ba4 {[%clk 1:43:38]} Nb4 {[%clk 1:31:19]} 12. Bb3
{[%clk 1:39:52]} Be7 {[%clk 1:26:10]} 13. Ne5 {[%clk 1:36:08]} O-O
{[%clk 1:25:41]} 14. Nxd7 {[%clk 1:33:39]} Qxd7 {[%clk 1:25:36]} 15. Qf3
{[%clk 1:30:56]} Rfd8 {[%clk 1:21:32]} 16. Rfd1 {[%clk 1:30:16]} Nbd5
{[%clk 1:18:26]} 17. Rac1 {[%clk 1:24:03]} h6 {[%clk 1:11:13]} 18. Nxd5
{[%clk 1:18:30]} Nxd5 {[%clk 1:11:16]} 19. Bxd5 {[%clk 1:18:13]} exd5
{[%clk 1:11:17]} 20. Qg3 {[%clk 1:12:16]} Bd6 {[%clk 1:10:26]} 21. Bf4
{[%clk 1:11:35]} Bxf4 {[%clk 1:10:03]} 22. Qxf4 {[%clk 1:11:39]} Rac8
{[%clk 1:10:08]} 23. Rxc8 {[%clk 1:10:35]} Rxc8 {[%clk 1:03:31]} 1/2-1/2

[Event "HSG Open 2017"]
[Site "Hilversum"]
[Date "2017.06.25"]
[Round "5.1"]
[White "Van de Griendt, Jan Willem"]
[Black "Ducarmon, Quinten"]
[Result "1/2-1/2"]
[BlackElo "2470"]
[WhiteElo "2360"]
[LiveChessVersion "1.4.8"]

1. d4 {[%clk 1:43:58]} Nf6 {[%clk 1:50:01]} 2. c4 {[%clk 1:43:48]} e6
{[%clk 1:50:06]} 3. Nf3 {[%clk 1:43:54]} b6 {[%clk 1:50:01]} 4. Nc3
{[%clk 1:43:59]} Bb4 {[%clk 1:49:34]} 5. Qb3 {[%clk 1:44:03]} c5 {[%clk 1:48:21]}
6. Bg5 {[%clk 1:44:06]} Bb7 {[%clk 1:46:47]} 7. e3 {[%clk 1:38:35]} Nc6
{[%clk 1:42:00]} 8. a3 {[%clk 1:13:53]} Na5 {[%clk 1:37:24]} 9. Qc2
{[%clk 1:13:49]} Bxc3+ {[%clk 1:23:52]} 10. bxc3 {[%clk 1:13:52]} Rc8
{[%clk 1:15:59]} 11. Nd2 {[%clk 1:10:45]} h6 {[%clk 1:10:17]} 12. Bh4
{[%clk 1:09:31]} cxd4 {[%clk 1:00:13]} 13. cxd4 {[%clk 1:03:19]} d5
{[%clk 1:00:18]} 14. Qa4+ {[%clk 1:02:49]} Qd7 {[%clk 0:56:44]} 15. Qxd7+
{[%clk 0:54:54]} Kxd7 {[%clk 0:56:23]} 16. cxd5 {[%clk 0:54:00]} Bxd5
{[%clk 0:50:59]} 17. Bb5+ {[%clk 0:53:55]} Bc6 {[%clk 0:50:00]} 18. Ba6
{[%clk 0:53:52]} Bb7 {[%clk 0:48:11]} 19. Bxb7 {[%clk 0:49:31]} Nxb7
{[%clk 0:48:19]} 20. Bxf6 {[%clk 0:49:31]} gxf6 {[%clk 0:48:24]} 21. Ke2
{[%clk 0:49:34]} Rc6 {[%clk 0:43:52]} 22. Rhc1 {[%clk 0:48:52]} Rhc8
{[%clk 0:41:31]} 23. Rxc6 {[%clk 0:46:36]} Rxc6 {[%clk 0:41:37]} 24. Kd3
{[%clk 0:46:40]} Nd6 {[%clk 0:40:23]} 25. Rb1 {[%clk 0:45:33]} f5
{[%clk 0:33:05]} 26. f3 {[%clk 0:43:30]} 1/2-1/2

[Event "HSG Open 2017"]
[Site "Hilversum"]
[Date "2017.06.25"]
[Round "5.2"]
[White "Beerdsen, Thomas"]
[Black "Wiersma, Eelke"]
[Result "1/2-1/2"]
[BlackElo "2350"]
[WhiteElo "2455"]
[LiveChessVersion "1.4.8"]

1. e4 {[%clk 1:50:17]} c5 {[%clk 1:50:02]} 2. Nf3 {[%clk 1:50:21]} e6
{[%clk 1:50:02]} 3. b3 {[%clk 1:50:26]} b6 {[%clk 1:50:04]} 4. Bd3
{[%clk 1:50:30]} Bb7 {[%clk 1:50:05]} 5. O-O {[%clk 1:50:28]} Nc6
{[%clk 1:50:05]} 6. Re1 {[%clk 1:50:01]} d6 {[%clk 1:49:49]} 7. Bb2
{[%clk 1:49:24]} Nf6 {[%clk 1:49:15]} 8. c3 {[%clk 1:45:06]} Be7 {[%clk 1:45:14]}
9. Bf1 {[%clk 1:44:01]} O-O {[%clk 1:41:45]} 10. d4 {[%clk 1:42:06]} d5
{[%clk 1:36:34]} 11. e5 {[%clk 1:41:04]} Ne4 {[%clk 1:35:55]} 12. Nbd2
{[%clk 1:39:50]} Rc8 {[%clk 1:30:03]} 13. Bd3 {[%clk 1:29:48]} cxd4
{[%clk 1:24:51]} 14. Nxe4 {[%clk 1:27:41]} dxe4 {[%clk 1:24:17]} 15. Bxe4
{[%clk 1:26:32]} dxc3 {[%clk 1:23:01]} 16. Bxc3 {[%clk 1:26:36]} Qxd1
{[%clk 1:22:18]} 17. Raxd1 {[%clk 1:18:43]} Rfd8 {[%clk 1:18:38]} 18. Bb2
{[%clk 1:07:51]} Na5 {[%clk 1:13:00]} 19. Bxb7 {[%clk 1:04:49]} Nxb7
{[%clk 1:13:03]} 20. Kf1 {[%clk 1:04:07]} Rc2 {[%clk 1:07:33]} 21. Rxd8+
{[%clk 1:04:02]} Nxd8 {[%clk 1:07:33]} 22. Re2 {[%clk 1:04:08]} Rxe2
{[%clk 1:07:13]} 23. Kxe2 {[%clk 1:04:14]} Nc6 {[%clk 1:07:19]} 24. a3
{[%clk 1:02:26]} Kf8 {[%clk 1:06:55]} 25. b4 {[%clk 1:01:59]} b5 {[%clk 1:03:09]}
26. Bc3 {[%clk 0:46:38]} Ke8 {[%clk 1:01:55]} 27. Ne1 {[%clk 0:46:36]} Kd7
{[%clk 1:00:10]} 28. Nd3 {[%clk 0:46:40]} Kc7 {[%clk 0:58:59]} 29. f4
{[%clk 0:45:57]} h5 {[%clk 0:56:48]} 30. h3 {[%clk 0:42:26]} g6 {[%clk 0:56:51]}
31. g4 {[%clk 0:42:02]} hxg4 {[%clk 0:56:55]} 32. hxg4 {[%clk 0:42:09]} a5
{[%clk 0:55:37]} 33. Kf3 {[%clk 0:41:14]} axb4 {[%clk 0:54:52]} 34. axb4
{[%clk 0:41:20]} Nb8 {[%clk 0:49:51]} 35. Ke4 {[%clk 0:40:26]} Kc6
{[%clk 0:49:34]} 36. Ne1 {[%clk 0:37:08]} 1/2-1/2

[Event "HSG Open 2017"]
[Site "Hilversum"]
[Date "2017.06.25"]
[Round "5.3"]
[White "Ratsma, Rosa"]
[Black "Brink, Barry"]
[Result "1-0"]
[BlackElo "2370"]
[WhiteElo "2137"]
[LiveChessVersion "1.4.8"]

1. e4 {[%clk 1:50:16]} c5 {[%clk 1:49:59]} 2. Nf3 {[%clk 1:50:14]} e6
{[%clk 1:49:54]} 3. d4 {[%clk 1:49:52]} cxd4 {[%clk 1:49:58]} 4. Nxd4
{[%clk 1:49:58]} Nc6 {[%clk 1:49:50]} 5. Nc3 {[%clk 1:49:49]} Qc7
{[%clk 1:49:46]} 6. f4 {[%clk 1:49:07]} a6 {[%clk 1:45:32]} 7. Nxc6
{[%clk 1:48:49]} Qxc6 {[%clk 1:42:34]} 8. Bd3 {[%clk 1:48:36]} b5
{[%clk 1:37:02]} 9. Qe2 {[%clk 1:47:51]} Bb7 {[%clk 1:36:36]} 10. Bd2
{[%clk 1:47:22]} Bc5 {[%clk 1:35:56]} 11. O-O-O {[%clk 1:45:00]} Ne7
{[%clk 1:33:26]} 12. a3 {[%clk 1:43:36]} O-O {[%clk 1:28:02]} 13. Qh5
{[%clk 1:41:41]} f5 {[%clk 1:21:06]} 14. g4 {[%clk 1:36:01]} d5 {[%clk 1:00:22]}
15. Rhe1 {[%clk 1:15:50]} Rac8 {[%clk 0:37:21]} 16. exf5 {[%clk 0:47:37]} exf5
{[%clk 0:37:24]} 17. gxf5 {[%clk 0:45:42]} Qf6 {[%clk 0:36:32]} 18. Re6
{[%clk 0:33:03]} Qf7 {[%clk 0:36:34]} 19. Qxf7+ {[%clk 0:32:22]} Rxf7
{[%clk 0:36:34]} 20. b4 {[%clk 0:31:00]} Bd4 {[%clk 0:35:34]} 21. Ne2
{[%clk 0:30:38]} Ba7 {[%clk 0:33:55]} 22. Ng3 {[%clk 0:29:25]} Rd8
{[%clk 0:32:48]} 23. f6 {[%clk 0:23:12]} gxf6 {[%clk 0:32:48]} 24. Rde1
{[%clk 0:22:09]} Kf8 {[%clk 0:24:51]} 25. f5 {[%clk 0:21:05]} Ng8
{[%clk 0:22:50]} 26. R6e2 {[%clk 0:15:51]} Bd4 {[%clk 0:19:41]} 27. Nh5
{[%clk 0:14:02]} Bc8 {[%clk 0:14:57]} 28. c3 {[%clk 0:10:13]} Be5
{[%clk 0:14:45]} 29. Bf4 {[%clk 0:09:51]} Bxf4+ {[%clk 0:11:59]} 30. Nxf4
{[%clk 0:09:56]} Ne7 {[%clk 0:10:37]} 31. Ne6+ {[%clk 0:09:25]} Bxe6
{[%clk 0:10:39]} 32. Rxe6 {[%clk 0:09:24]} d4 {[%clk 0:04:58]} 33. cxd4
{[%clk 0:09:02]} Rxd4 {[%clk 0:05:00]} 34. Bc2 {[%clk 0:08:27]} Nd5
{[%clk 0:03:59]} 35. Rxa6 {[%clk 0:03:52]} Rc7 {[%clk 0:03:50]} 36. Ra8+
{[%clk 0:03:05]} Kg7 {[%clk 0:03:13]} 37. Kb1 {[%clk 0:01:57]} Rd2
{[%clk 0:02:40]} 38. Bb3 {[%clk 0:01:34]} Nc3+ {[%clk 0:02:29]} 39. Ka1
{[%clk 0:01:37]} Rxh2 {[%clk 0:00:38]} 40. Rg1+ {[%clk 0:01:18]} Kh6
{[%clk 0:00:47]} 41. Ra6 {[%clk 0:00:37]} Ne4 {[%clk 0:00:27]} 42. Bd5
{[%clk 0:00:28]} Nc3 {[%clk 0:00:12]} 43. Rxf6+ {[%clk 0:00:34]} 1-0